Como si despacio la noche /

Guardado en:
Detalles Bibliográficos
Autor principal: Castillero, Silvia Eugenia (autor)
Formato: Libro
Idioma:Español
Publicado: Guadalajara, México : Gobierno del Estado de Jalisco, Secretaría de Cultura, 1993, c1993
Colección:(Orígenes)
Temas:
Etiquetas: Agrega una etiqueta
Sin etiquetas, Sé el primero en etiquetar este registro!

MARC

LEADER 00000nam^a2200000^a^4500
001 000414418
005 20250521000000.0
009 20260310122230.702
020 |a 970-624-013-6 
037 |a Acervo Xavier Clavigero 
041 |a ESP 
082 |a 861.  |b CAS 
100 |a Castillero, Silvia Eugenia  |e (autor) 
245 1 0 |a Como si despacio la noche /  |c S.E. Castillero. 
264 4 |a Guadalajara, México :  |b Gobierno del Estado de Jalisco, Secretaría de Cultura,  |c 1993, c1993 
300 |a 57 p. 
336 |a texto  |b txt  |2 rdacontenido 
337 |a sin mediación  |b n  |2 rdamedio 
338 |a volumen  |b nc  |2 rdasoporte 
440 1 |a (Orígenes) 
649 |a XX 
650 |a Poesía Mexicana 
650 |a Literatura Mexicana -  |y Siglo XX 
650 |a Literatura de Mujeres -  |z México 
910 |a Fondo General 
920 |a Impresos - Libros 
930 |a Colección General 
940 |a Literatura 
905 |a 101 
901 |a 058936  |b IT1  |c LIT  |u 20250521 
902 |a https://opac.biblio.iteso.mx/vufind/Record/000414418